00487nam a22001697a 4500003000400000008004100004082001800045100002600063245008400089260006800173300000900241502001700250650001700267650001100284650001100295650001100306OSt260429b |||||||| |||| 00| 0 eng d a635.648bS33S aSharma, Ramesh Kumar. aStudies of Genotype X Environment Interaction in Bhindicby Ramesh Kumar Sharma a.- Sabour, Bhagalpurb: Bihar Agricultural College, RAUc, 1997 a97p. bPh. D.d1997 aHorticulture aBhindi aThesis aPh. D.